Welcome to the Holygrace Academy Library

Please use search bar below to get started

CHURCH HUMOUR (Record no. 5689)

MARC details
000 -LEADER
fixed length control field 00281nam a22001337a 4500
020 ## - INTERNATIONAL STANDARD BOOK NUMBER
ISBN 81-7109-151-2
082 ## - DEWEY DECIMAL CLASSIFICATION NUMBER
Classification number 827
Item number COR/C
100 ## - MAIN ENTRY--AUTHOR NAME
Personal name CORNELIUS, JUDSON
245 ## - TITLE STATEMENT
Title CHURCH HUMOUR
260 ## - PUBLICATION, DISTRIBUTION, ETC. (IMPRINT)
Place of publication MUMBAI
Name of publisher ST PAULS
Year of publication 2002
300 ## - PHYSICAL DESCRIPTION
Number of Pages 201
650 ## - SUBJECT ADDED ENTRY--TOPICAL TERM
Topical Term JOKES
Geographic subdivision INDIA
942 ## - ADDED ENTRY ELEMENTS (KOHA)
Koha item type Books
Holdings
Withdrawn status Lost status Collection code Home library Current library Shelving location Date acquired Source of acquisition Cost, normal purchase price Full call number Accession Number Koha item type
    Non-fiction Main Library Main Library SHELF 15E--PSYCHOLOGY,JOKES 05/11/2003 purchase 60.00 827 COR/C 01503 Books